[Event "58th ch-RUS Semi-Final"]
[Site "Kazan RUS"]
[Date "2005.09.07"]
[Round "5"]
[White "Shariyazdanov,A"]
[Black "Savchenko,B"]
[Result "1-0"]
[WhiteElo "2592"]
[BlackElo "2534"]
[EventDate "2005.09.03"]

1. d4 Nc6 2. c4 e5 3. d5 Nce7 4. Nc3 Ng6 5. g3 Bb4 6. Qc2 Bxc3+ 7. Qxc3 d6
8. h4 h6 9. e4 f5 10. exf5 Bxf5 11. f3 Nf6 12. Be3 O-O 13. g4 Bxg4 14. fxg4
Ne4 15. Qc2 Ng3 16. O-O-O Rxf1 17. Rh3 Rxd1+ 18. Qxd1 e4 19. Rxg3 Qxh4 20.
Rh3 Qf6 21. Kc2 Ne5 22. Bd4 Rf8 23. Ne2 Qg6 24. Bxe5 dxe5 25. Re3 Rf3 26.
Qd2 Qxg4 27. Nc3 h5 28. c5 Qf5 29. d6 cxd6 30. cxd6 Rf2 31. Ne2 Qc8+ 32.
Qc3 Qe6 33. Qb3 Qxb3+ 34. Kxb3 Rf6 35. Ng3 Rxd6 36. Nxh5 Kf7 37. Ng3 Ke6
38. Kc3 Rc6+ 39. Kd2 Ra6 40. a3 Rb6 41. b3 Ra6 42. b4 Rd6+ 43. Kc3 Ra6 44.
Kb3 Kd5 45. Rxe4 Rf6 46. Re3 Kd4 47. Rc3 g5 48. Rc4+ Kd5 49. Ne2 Rf3+ 50.
Nc3+ Ke6 51. b5 Rf7 52. Ne4 Rg7 53. a4 b6 54. Kc3 g4 55. Ng3 Rg8 56. Kd3
Rd8+ 57. Ke3 Kd5 58. Rxg4 Kc5 59. Ne2 a6 60. Nc3 axb5 61. Nxb5 Rd1 62. Ke2
Rb1 63. Nc7 Rb3 64. Kd2 Rf3 65. Na6+ Kd5 66. Nb4+ Kc5 67. Nd3+ Kd5 68. Rg5
Ke4 69. Nxe5 Ra3 70. Nd7 Kf4 71. Rh5 Kg4 72. Nf6+ Kg3 73. Rg5+ Kh3 74. Rg4
Rf3 75. Nd7 Rf5 76. Rd4 b5 77. a5 b4 78. a6 Ra5 79. Nb8 b3 80. Rd3+ 1-0

[Event "58th ch-RUS Semi-Final"]
[Site "Kazan RUS"]
[Date "2005.09.07"]
[Round "5"]
[White "Novikov,St"]
[Black "Dvoirys,S"]
[Result "1/2-1/2"]
[WhiteElo "2534"]
[BlackElo "2589"]
[EventDate "2005.09.03"]

1. e4 c5 2. Nf3 d6 3. d4 cxd4 4. Nxd4 Nf6 5. Nc3 a6 6. Be3 e5 7. Nb3 Be7 8.
Bc4 Be6 9. Qd3 Nbd7 10. Nd5 b5 11. Nxf6+ Nxf6 12. Bxe6 fxe6 13. a4 O-O 14.
axb5 axb5 15. O-O Qd7 16. Bg5 Rfc8 17. Bxf6 Bxf6 18. Rxa8 Rxa8 19. Ra1 Rc8
20. c3 Qc6 21. Nd2 d5 22. Nf1 Qc4 23. Qh3 Re8 24. exd5 exd5 25. Qd7 Rd8 26.
Qe6+ Kh8 27. Ne3 Qe2 28. Ng4 Qxb2 29. Rf1 Rf8 30. Qd6 Rd8 31. Qe6 Rf8 32.
Qxd5 Qxc3 33. Qxb5 Qd4 34. Qe2 Rd8 35. Ne3 Qd3 36. Qxd3 Rxd3 37. Rd1 Rxd1+
38. Nxd1 Kg8 39. Kf1 Kf7 40. Ke2 Ke6 41. Kd3 Bd8 42. Nc3 Bb6 43. f3 g6 44.
Ke4 Bc5 45. Nd5 Bg1 46. h3 Bc5 47. Nc3 Bd4 48. Nb1 Bc5 49. Nd2 Bb4 50. Nc4
Bc3 51. Kd3 Bd4 52. Nd2 Bb6 53. Ne4 h6 54. Nc3 Bd4 55. Ne2 Bf2 56. Ke4 Bb6
57. Nc1 Ba5 58. Nd3 Bc3 59. Nf2 Bd4 60. Ng4 h5 61. Nh2 Bb2 62. Nf1 Bc1 63.
Ng3 Bf4 64. Ne2 Bd2 65. Kd3 Bb4 66. Ng3 Kd5 67. Ne4 Ba5 68. Ng3 Bb4 69. Nf1
Bc5 70. Nd2 Bb6 71. Nc4 Bd4 72. Na3 Bb6 73. Nc4 Bd4 74. Nd2 Bb6 75. Ne4 Ba5
76. g4 hxg4 77. fxg4 Be1 78. Ke3 Ba5 79. Nf6+ Ke6 80. Ne4 Kd5 81. Nf6+ Ke6
82. Ne4 Kd5 83. Kf3 Bd8 84. Ke3 1/2-1/2

[Event "58th ch-RUS Semi-Final"]
[Site "Kazan RUS"]
[Date "2005.09.07"]
[Round "5"]
[White "Obolenskikh,D"]
[Black "Khismatullin,D"]
[Result "0-1"]
[WhiteElo "2437"]
[BlackElo "2583"]
[EventDate "2005.09.03"]

1. e4 c5 2. c3 Nf6 3. e5 Nd5 4. d4 cxd4 5. Nf3 Nc6 6. Bc4 Nb6 7. Bb3 d6 8.
exd6 Qxd6 9. O-O Bf5 10. cxd4 e6 11. Nc3 Rd8 12. d5 Nxd5 13. Bxd5 exd5 14.
Nd4 Be6 15. Ncb5 Qd7 16. Bf4 Rc8 17. Re1 Bc5 18. Nxe6 fxe6 19. Qh5+ g6 20.
Qh6 a6 21. Nc3 Rf8 22. Rad1 Nd4 23. Be5 Nf5 24. Qh3 h5 25. Re2 Rc6 26. a3
Be7 27. Qd3 Qc8 28. h3 g5 29. Qf3 g4 30. Qd3 Rg8 31. Rde1 Rg6 32. Bf4 Kf8
33. hxg4 hxg4 34. g3 Qd7 35. Kg2 d4 36. Rh1 Bf6 37. Rh5 Kg8 38. Kh2 Rg7 39.
Ne4 Bd8 40. Kg1 Rh7 41. Rxh7 Qxh7 42. Re1 Qg7 43. Kg2 b5 44. Rh1 e5 45. Bd2
Qg6 46. Bb4 Qf7 47. Qe2 Qg6 48. Qd3 Be7 49. Bxe7 Nxe7 50. Re1 Kg7 51. Qe2
Qf5 52. b4 Rh6 53. Nc5 Nc6 54. Rg1 Kg6 55. Nxa6 d3 56. Qe3 Nd4 57. Nc5 Qf3+
58. Kf1 Qxe3 59. fxe3 d2 0-1

[Event "58th ch-RUS Semi-Final"]
[Site "Kazan RUS"]
[Date "2005.09.07"]
[Round "5"]
[White "Vitiugov,N"]
[Black "Popov,Val"]
[Result "1-0"]
[WhiteElo "2519"]
[BlackElo "2570"]
[EventDate "2005.09.03"]

1. d4 Nf6 2. c4 e6 3. Nc3 d5 4. cxd5 exd5 5. Bg5 Be7 6. e3 Nbd7 7. Bd3 c6
8. Nge2 Nh5 9. Bxe7 Qxe7 10. Qc2 g6 11. O-O-O Nb6 12. h3 Bd7 13. g4 Ng7 14.
e4 dxe4 15. Nxe4 f5 16. Nc5 fxg4 17. hxg4 O-O-O 18. Rhg1 Ne6 19. Be4 Rhf8
20. f3 Ng5 21. Qc3 Be6 22. Qa3 Bd5 23. Qxa7 Bxe4 24. fxe4 Nxe4 25. Na6 Qg5+
26. Kb1 bxa6 27. Qxa6+ Kc7 28. Qa7+ Kd6 29. Qxb6 Rb8 30. Qa6 Qe3 31. Ka1
Rf2 32. Rc1 Rxb2 33. Rxc6+ Kd5 34. Qc4+ 1-0

[Event "58th ch-RUS Semi-Final"]
[Site "Kazan RUS"]
[Date "2005.09.07"]
[Round "5"]
[White "Vorobiov,E"]
[Black "Chebotarev,O"]
[Result "1/2-1/2"]
[WhiteElo "2552"]
[BlackElo "2517"]
[EventDate "2005.09.03"]

1. e4 e6 2. d4 d5 3. Nc3 Nf6 4. Bg5 dxe4 5. Nxe4 Be7 6. Bxf6 gxf6 7. Nf3 a6
8. c4 f5 9. Nc3 Bf6 10. Qd2 c5 11. d5 e5 12. h4 O-O 13. O-O-O Bg7 14. Qc2
e4 15. Nd2 b5 16. g4 1/2-1/2

[Event "58th ch-RUS Semi-Final"]
[Site "Kazan RUS"]
[Date "2005.09.07"]
[Round "5"]
[White "Bezgodov,A"]
[Black "Yandemirov,V"]
[Result "1/2-1/2"]
[WhiteElo "2548"]
[BlackElo "2515"]
[EventDate "2005.09.03"]

1. e4 e5 2. Nf3 Nc6 3. Bb5 a6 4. Ba4 d6 5. Bxc6+ bxc6 6. d4 f6 7. h4 h5 8.
dxe5 fxe5 9. Ng5 Be7 10. Qe2 Bd7 11. f4 Bxg5 12. hxg5 Bg4 13. Qc4 exf4 14.
Bxf4 Ne7 15. Nc3 Qd7 16. O-O Be6 17. Qe2 Bg4 18. Qd3 O-O 19. Bd2 Rxf1+ 20.
Rxf1 Ng6 21. b3 Ne5 22. Qe3 h4 23. Qf2 h3 24. Qg3 1/2-1/2

[Event "58th ch-RUS Semi-Final"]
[Site "Kazan RUS"]
[Date "2005.09.07"]
[Round "5"]
[White "Pokazanjev,N"]
[Black "Kosyrev,V"]
[Result "1/2-1/2"]
[WhiteElo "2410"]
[BlackElo "2540"]
[EventDate "2005.09.03"]

1. e4 e6 2. d4 d5 3. e5 c5 4. c3 Qb6 5. Nf3 Nc6 6. a3 c4 7. Nbd2 Na5 8. g3
Bd7 9. h4 h6 10. Bh3 O-O-O 11. O-O Ne7 12. Re1 Nec6 13. Rb1 Be7 14. h5 Rdg8
15. Nh2 Kb8 16. Ng4 Ka8 17. Ne3 Qc7 18. Ng2 g5 19. Nf1 Nb3 20. Nh2 Rf8
1/2-1/2

[Event "58th ch-RUS Semi-Final"]
[Site "Kazan RUS"]
[Date "2005.09.07"]
[Round "5"]
[White "Gavrilov,Al1"]
[Black "Yevseev,D"]
[Result "1-0"]
[WhiteElo "2464"]
[BlackElo "2537"]
[EventDate "2005.09.03"]

1. e4 e5 2. Nf3 Nc6 3. Bb5 a6 4. Ba4 Nf6 5. O-O Be7 6. Re1 b5 7. Bb3 d6 8.
c3 O-O 9. h3 Nb8 10. d4 Nbd7 11. Nbd2 Bb7 12. Bc2 Re8 13. a4 Bf8 14. Bd3 c6
15. b3 g6 16. Bb2 Bg7 17. Qc2 Nh5 18. Bf1 Qc7 19. c4 bxa4 20. Rxa4 exd4 21.
Bxd4 Bxd4 22. Nxd4 c5 23. Ne2 Ndf6 24. Nc3 Ng7 25. Rea1 Ne6 26. Nd5 Qd8 27.
Qc3 Nd4 28. Qa5 Bxd5 29. Qxd8 Raxd8 30. exd5 Nc2 31. Rc1 Nb4 32. Raa1 Nh5
33. g3 Ng7 34. g4 h5 35. f3 f5 36. Kf2 Rf8 37. g5 f4 38. Ne4 Nf5 39. Rab1
Kg7 40. Rd1 Rde8 41. Bd3 Re5 42. Rb2 Rd8 43. Bb1 h4 44. Re1 Ng3 45. Rd2 a5
46. Rdd1 Nf5 47. Nxd6 Ne3 48. Nb7 Rde8 49. Rc1 Rxg5 50. Rg1 Rg3 51. d6 Nc6
52. d7 Rb8 53. Nxc5 Nd4 54. Be4 Kf7 55. Rcd1 Nxb3 56. Nxb3 Rxb3 57. d8=Q
1-0

[Event "58th ch-RUS Semi-Final"]
[Site "Kazan RUS"]
[Date "2005.09.07"]
[Round "5"]
[White "Shaposhnikov,E"]
[Black "Iljin,A"]
[Result "1-0"]
[WhiteElo "2533"]
[BlackElo "2500"]
[EventDate "2005.09.03"]

1. e4 c5 2. Nf3 e6 3. d4 cxd4 4. Nxd4 a6 5. Bd3 Bc5 6. Nb3 Ba7 7. Qe2 Nc6
8. Be3 d6 9. Nc3 Nge7 10. O-O-O b5 11. f4 b4 12. Na4 O-O 13. e5 Nd5 14.
Bxa7 Rxa7 15. exd6 Qxd6 16. g3 Bd7 17. Nb6 Nd4 18. Nxd4 Qxb6 19. Bc4 Qc5
20. Nb3 Qe3+ 21. Qd2 Bc6 22. Rhe1 Qxd2+ 23. Rxd2 g6 24. Nc5 Nb6 25. Rd6 Rc8
26. Bxa6 Rcc7 27. Bd3 Nd5 28. Na6 Rc8 29. Re4 Nc3 30. Red4 Nxa2+ 31. Kb1
Bd5 32. R4xd5 1-0

[Event "58th ch-RUS Semi-Final"]
[Site "Kazan RUS"]
[Date "2005.09.07"]
[Round "5"]
[White "Yemelin,V"]
[Black "Balashov,Y"]
[Result "0-1"]
[WhiteElo "2530"]
[BlackElo "2469"]
[EventDate "2005.09.03"]

1. e4 e5 2. Nf3 Nc6 3. Bb5 a6 4. Ba4 Nf6 5. O-O Be7 6. Re1 b5 7. Bb3 d6 8.
c3 O-O 9. d4 Bg4 10. Be3 exd4 11. cxd4 Na5 12. Bc2 c5 13. h3 Bh5 14. g4 Bg6
15. Nbd2 Re8 16. d5 Nd7 17. Nh2 Bh4 18. Re2 Nc4 19. Nxc4 bxc4 20. Bd2 Nf6
21. f3 h5 22. Bc3 Bg5 23. Nf1 Nd7 24. Ba4 Ne5 25. Bxe8 Nxf3+ 26. Kf2 hxg4
27. hxg4 Nd4 28. Bc6 Qf6+ 29. Kg1 Nf3+ 30. Kh1 Qf4 31. Be1 Qxg4 32. Bg3 Rb8
33. Nh2 Qxg3 34. Rg2 Qh4 35. Qxf3 Bxe4 36. Qg4 Rxb2 0-1

[Event "58th ch-RUS Semi-Final"]
[Site "Kazan RUS"]
[Date "2005.09.07"]
[Round "5"]
[White "Filippov,Va"]
[Black "Nevostrujev,V"]
[Result "1-0"]
[WhiteElo "2621"]
[BlackElo "2490"]
[EventDate "2005.09.03"]

1. c4 g6 2. g3 Bg7 3. Bg2 Nf6 4. Nc3 O-O 5. d4 d6 6. Nf3 Nbd7 7. O-O e5 8.
e4 exd4 9. Nxd4 Re8 10. h3 Nc5 11. Re1 a5 12. Ndb5 Nfd7 13. Be3 Ne5 14. Bf1
Be6 15. b3 a4 16. Rc1 axb3 17. axb3 c6 18. Nd4 Bc8 19. f4 Ned7 20. Bg2 Ra3
21. Rb1 Qa5 22. b4 Qa6 23. bxc5 Rxc3 24. cxd6 Qxc4 25. e5 Nxe5 26. fxe5
Rxe5 27. Nxc6 Rexe3 28. Ne7+ Kf8 29. Rxe3 Rxe3 30. Nxc8 Qxc8 31. d7 Qd8 32.
Qd6+ Re7 33. Rxb7 Be5 34. Rb8 Qxb8 35. Qxb8+ Bxb8 36. d8=Q+ Re8 37. Qd3 Be5
38. g4 Bf6 39. Qd2 g5 40. Qd7 h6 41. Bd5 Re7 42. Qf5 Kg7 43. Be4 Bd4+ 44.
Kg2 Kf8 45. Kf3 Re6 46. Ke2 Re5 47. Qh7 Re6 48. Kd3 Bg7 49. Bd5 Rf6 50. Kc4
Rf4+ 51. Kc5 Rf6 52. Bc6 Re6 53. Kb5 Bd4 54. Bd5 Rb6+ 55. Kc4 Bg7 56. Qf5
1-0

[Event "58th ch-RUS Semi-Final"]
[Site "Kazan RUS"]
[Date "2005.09.07"]
[Round "5"]
[White "Galliamova,A"]
[Black "Iljushin,A"]
[Result "1/2-1/2"]
[WhiteElo "2453"]
[BlackElo "2531"]
[EventDate "2005.09.03"]

1. e4 e6 2. d4 d5 3. exd5 exd5 4. Nf3 Nc6 5. Bb5 Bd6 6. c4 dxc4 7. d5 a6 8.
Ba4 b5 9. dxc6 bxa4 10. O-O Ne7 11. Qxa4 O-O 12. Nbd2 Be6 13. Nxc4 Bd5
1/2-1/2

[Event "58th ch-RUS Semi-Final"]
[Site "Kazan RUS"]
[Date "2005.09.08"]
[Round "6"]
[White "Volkov,S1"]
[Black "Kobalia,M"]
[Result "1-0"]
[WhiteElo "2622"]
[BlackElo "2614"]
[EventDate "2005.09.03"]

1. d4 d5 2. c4 c6 3. Nf3 e6 4. e3 f5 5. g4 fxg4 6. Ne5 Nf6 7. Nxg4 Be7 8.
Bd3 O-O 9. Rg1 Qe8 10. Nc3 Nxg4 11. Qxg4 Bf6 12. Qg2 Nd7 13. Bd2 Nb6 14. c5
Nd7 15. f4 Qh5 16. Qe2 Qf7 17. b4 b6 18. Rb1 a5 19. cxb6 axb4 20. Rxb4 Bb7
21. Rb2 Rfd8 22. Qg4 c5 23. Nb5 Nf8 24. Bc3 Ba6 25. a4 Qe7 26. a5 Rdc8 27.
Ke2 g6 28. h4 Qg7 29. h5 cxd4 30. Bxd4 Bxd4 31. exd4 Bxb5 32. Rxb5 Rc3 33.
hxg6 h5 34. Qg3 Qxd4 35. g7 Ng6 36. Qxg6 1-0

[Event "58th ch-RUS Semi-Final"]
[Site "Kazan RUS"]
[Date "2005.09.08"]
[Round "6"]
[White "Timofeev,Arty"]
[Black "Chuprov,D"]
[Result "1/2-1/2"]
[WhiteElo "2661"]
[BlackElo "2477"]
[EventDate "2005.09.03"]

1. e4 e5 2. Nf3 Nc6 3. Bb5 Nf6 4. d3 d6 5. c3 Be7 6. O-O O-O 7. Re1 Nb8 8.
d4 c6 9. Bf1 Nbd7 10. a4 Re8 11. a5 a6 12. Nbd2 Bf8 13. Qc2 Qc7 14. b4 d5
15. exd5 cxd5 16. dxe5 Nxe5 17. Rxe5 Rxe5 18. Nxe5 Qxe5 19. Nf3 Qc7 20. Qd3
Bg4 21. Be3 Bxf3 22. Bb6 Qc6 23. Qxf3 Ne4 24. Bd4 Nd2 25. Qd1 Nxf1 26. Qxf1
Re8 27. g3 g6 28. Re1 Rxe1 29. Qxe1 Qe6 30. Qxe6 fxe6 31. f4 Kf7 32. Kf2
Ke8 33. Ke3 Kd7 34. Bf6 Bd6 35. Kd4 Bb8 36. h3 Ba7+ 37. Kd3 Kc6 38. Bd4 Bb8
1/2-1/2

[Event "58th ch-RUS Semi-Final"]
[Site "Kazan RUS"]
[Date "2005.09.08"]
[Round "6"]
[White "Shariyazdanov,A"]
[Black "Sakaev,K"]
[Result "1/2-1/2"]
[WhiteElo "2592"]
[BlackElo "2669"]
[EventDate "2005.09.03"]

1. d4 d5 2. c4 c6 3. Nc3 Nf6 4. e3 a6 5. Qc2 g6 6. Nf3 Bg7 7. Bd3 O-O 8.
O-O Bg4 9. Ne5 Be6 10. c5 Nbd7 11. Nxd7 Qxd7 12. Bd2 Bf5 13. b4 Bxd3 14.
Qxd3 Qc7 15. f4 Nd7 16. a4 b6 17. a5 b5 1/2-1/2

[Event "58th ch-RUS Semi-Final"]
[Site "Kazan RUS"]
[Date "2005.09.08"]
[Round "6"]
[White "Vitiugov,N"]
[Black "Korotylev,A"]
[Result "1-0"]
[WhiteElo "2519"]
[BlackElo "2604"]
[EventDate "2005.09.03"]

1. d4 Nf6 2. c4 e6 3. Nf3 b6 4. a3 c6 5. Nc3 d5 6. Bg5 Be7 7. e3 O-O 8. Bd3
Nbd7 9. O-O h6 10. Bh4 Bb7 11. Qe2 Ne4 12. Bg3 Nxg3 13. hxg3 a6 14. Rfd1 b5
15. c5 e5 16. dxe5 Bxc5 17. b4 Bb6 18. Bf5 Qe7 19. Bxd7 Qxd7 20. Ne4 Qe7
21. Nd6 f6 22. Nf5 Qd7 23. N5d4 fxe5 24. Nxe5 Qe8 25. Nef3 c5 26. bxc5 Bxc5
27. Nh4 Rf6 28. Rd3 Rc8 29. Rad1 Bf8 30. Nhf3 Rc4 31. Ne1 Rf7 32. Qb2 Rfc7
33. Rb3 Bc8 34. Nd3 Bb7 35. Nf4 Bd6 36. Rbd3 Be5 37. Qb3 g5 38. Nfe2 Kh7
39. Nf3 Bf6 40. Ned4 1-0

[Event "58th ch-RUS Semi-Final"]
[Site "Kazan RUS"]
[Date "2005.09.08"]
[Round "6"]
[White "Tregubov,P"]
[Black "Yakovich,Yur"]
[Result "0-1"]
[WhiteElo "2607"]
[BlackElo "2560"]
[EventDate "2005.09.03"]

1. d4 Nf6 2. c4 e6 3. Nf3 d5 4. Nc3 dxc4 5. Qa4+ c6 6. Qxc4 b5 7. Qd3 Nbd7
8. e4 b4 9. Na4 Bb7 10. e5 Nd5 11. Bd2 N5b6 12. Qc2 Nxa4 13. Qxa4 a5 14.
Rc1 Be7 15. Bd3 Nc5 16. Rxc5 Bxc5 17. Be4 Be7 18. Bxc6+ Bxc6 19. Qxc6+ Kf8
20. O-O Rc8 21. Qb7 h6 22. a3 Rb8 23. Qa6 g5 24. axb4 Bxb4 25. Be3 Kg7 26.
Qd3 Qd5 27. h4 gxh4 28. Bc1 Be7 29. Qe3 h3 30. Qf4 hxg2 31. Re1 Kf8 32. Qg4
Bg5 33. Qh5 Bxc1 34. Rxc1 Qd8 35. d5 Rc8 36. Rd1 exd5 37. e6 Qf6 38. exf7
Qxf7 39. Qh3 Re8 40. Rd4 Rh7 41. Rg4 Qf6 42. Qh5 Rg7 43. Rxg7 Qxg7 44. Qxd5
Qf7 45. Qc5+ Kg8 46. Kxg2 Qg6+ 47. Kf1 Qd3+ 48. Kg2 Kh8 0-1

[Event "58th ch-RUS Semi-Final"]
[Site "Kazan RUS"]
[Date "2005.09.08"]
[Round "6"]
[White "Belov,Vl"]
[Black "Khairullin,I"]
[Result "1/2-1/2"]
[WhiteElo "2596"]
[BlackElo "2538"]
[EventDate "2005.09.03"]

1. c4 Nf6 2. Nc3 g6 3. d4 Bg7 4. e4 d6 5. Nf3 O-O 6. Be2 e5 7. d5 a5 8. h3
Na6 9. Bg5 Nc5 10. Nd2 Bd7 11. g4 h6 12. Be3 Nh7 13. Nb3 Nxb3 14. axb3 Qh4
15. c5 dxc5 16. Bxc5 Rfc8 17. Kf1 Nf6 18. f3 Ne8 19. Kg2 Bf8 20. Be3 Bb4
21. Qd3 Kh7 22. Rhf1 Qe7 23. Qd2 f6 24. Rac1 Nd6 25. Rc2 a4 26. bxa4 Bxa4
27. Rcc1 Bb3 28. Ra1 Nf7 29. Rfc1 Nd6 30. Rxa8 Rxa8 31. Qe1 b6 32. Qh4 g5
33. Qf2 Qd7 34. Qf1 Ra5 35. h4 Bc5 36. Bxc5 Rxc5 37. hxg5 fxg5 38. Ra1 Bc4
39. Ra7 Bxe2 40. Qxe2 Rc4 41. Nd1 Ra4 42. Rxa4 Qxa4 43. Nf2 Qb3 44. Qd2 Kg6
45. Nd3 Nc4 46. Qc3 Qxc3 47. bxc3 Kf6 48. Kf2 Ke7 49. Ke2 Kd6 50. Nb4 Na5
51. Kd3 b5 52. Kc2 Kc5 53. Na6+ Kd6 54. Nb4 Kc5 55. Nd3+ Kd6 56. Nf2 c6 57.
dxc6 Nxc6 58. Nd1 Kc5 59. Ne3 Nd8 60. Kb3 Nf7 61. Nf5 Kc6 62. Kb4 Kb6 63.
Ne7 Nd6 64. Nd5+ Kc6 65. Ne3 Kb6 66. Ka3 Kc5 67. Kb3 Nf7 68. Nc2 Nd6 69.
Nb4 Nc4 70. Nd3+ Kb6 71. Kc2 Kc6 72. Nb4+ Kc5 73. Nd5 Nd6 74. Nf6 Nf7 75.
Kb3 Kb6 76. Kb4 Kc6 77. Ng8 Kb6 78. Ne7 Nd6 79. Nd5+ Kc6 80. Ne3 Kb6 81.
Ka3 Kc5 82. Kb3 Nf7 83. Nc2 Nd6 84. Nb4 Nc4 85. Kc2 Ne3+ 86. Kb3 1/2-1/2

[Event "58th ch-RUS Semi-Final"]
[Site "Kazan RUS"]
[Date "2005.09.08"]
[Round "6"]
[White "Tomashevsky,E"]
[Black "Epishin,V"]
[Result "1-0"]
[WhiteElo "2555"]
[BlackElo "2600"]
[EventDate "2005.09.03"]

1. Nf3 d5 2. c4 c6 3. e3 Nf6 4. Nc3 a6 5. Qc2 g6 6. d4 Bg7 7. Bd3 O-O 8.
O-O Nbd7 9. b3 b5 10. Bb2 Bb7 11. Rad1 Qc7 12. e4 b4 13. Na4 dxe4 14. Bxe4
Nxe4 15. Qxe4 c5 16. d5 e5 17. Qe3 Rac8 18. Ne1 Rfe8 19. Nd3 Qd6 20. f3 f5
21. Rfe1 h6 22. Qf2 g5 23. Qg3 Kh7 24. Re2 Re7 25. Rde1 f4 26. Qf2 h5 27.
h4 g4 28. Nxf4 Rf8 29. Nxh5 Bh6 30. f4 Qg6 31. Ng3 Rxf4 32. h5 Qe8 33. Qe3
e4 34. Rf2 Rf3 35. Rxf3 gxf3 36. Qf2 Bf4 37. Nxe4 Rxe4 38. Qc2 Bh2+ 39.
Kxh2 Qxh5+ 40. Kg1 f2+ 41. Qxf2 Rxe1+ 42. Qxe1 Bc8 43. Qe7+ 1-0

[Event "58th ch-RUS Semi-Final"]
[Site "Kazan RUS"]
[Date "2005.09.08"]
[Round "6"]
[White "Riazantsev,A"]
[Black "Gavrilov,Al1"]
[Result "1/2-1/2"]
[WhiteElo "2599"]
[BlackElo "2464"]
[EventDate "2005.09.03"]

1. d4 Nf6 2. c4 e6 3. Nf3 d5 4. Nc3 Be7 5. Bg5 h6 6. Bh4 O-O 7. e3 b6 8.
Bd3 Bb7 9. O-O Nbd7 10. Qe2 c5 11. Bg3 cxd4 12. exd4 dxc4 13. Bxc4 Nh5 14.
d5 Nxg3 15. hxg3 exd5 16. Nxd5 Bd6 17. Rfd1 Nf6 18. Ne3 Qe7 19. Nh4 Be4 20.
a3 a5 21. Re1 Bc5 22. Bd3 Bxd3 23. Qxd3 Rad8 24. Qc3 Bxe3 25. Rxe3 Qd7 26.
Re2 Rfe8 27. Rxe8+ Rxe8 28. Re1 Rxe1+ 29. Qxe1 Qd3 30. Qc1 g6 31. Nf3 Ne4
32. Ne5 Qe2 33. Qf4 Qd1+ 1/2-1/2

[Event "58th ch-RUS Semi-Final"]
[Site "Kazan RUS"]
[Date "2005.09.08"]
[Round "6"]
[White "Kurnosov,I"]
[Black "Tseshkovsky,V"]
[Result "1/2-1/2"]
[WhiteElo "2549"]
[BlackElo "2599"]
[EventDate "2005.09.03"]

1. e4 d6 2. d4 g6 3. Nc3 Bg7 4. Bg5 h6 5. Bh4 Nc6 6. Nge2 g5 7. Bg3 e6 8.
Qd2 h5 9. f3 a6 10. O-O-O Bd7 11. Kb1 g4 12. d5 Ne5 13. Nd4 Ne7 14. f4 N5g6
15. dxe6 fxe6 16. Bc4 h4 17. Bf2 e5 18. fxe5 Nxe5 19. Ne6 Bxe6 20. Bxe6 Rh6
21. Bb3 c6 22. Be3 Rg6 23. Ne2 c5 24. Bf4 Qb6 25. Nc3 c4 26. Ba4+ N5c6 27.
e5 dxe5 28. Be3 Qc7 29. Nd5 Nxd5 30. Qxd5 Qf7 31. Qxf7+ Kxf7 32. Rd7+ Kg8
33. Rxb7 e4 34. Rb6 Ne7 35. Rxg6 Nxg6 36. Bc6 Rb8 37. b3 cxb3 38. axb3 Bf6
39. Bxe4 Re8 40. Bd5+ Kg7 41. Bc1 a5 42. Rd1 Re2 43. h3 Ne7 44. Bb7 gxh3
45. gxh3 Rh2 46. Rh1 Rf2 47. Be3 Re2 48. Bb6 Bc3 49. Rg1+ Kf6 50. Bf3 Re5
51. Rf1 Kg7 52. Bc7 Re6 53. Bf4 Ng6 54. Bc1 Ne5 55. Rg1+ Kh8 56. Be4 a4 57.
bxa4 Ra6 58. Bd5 Rxa4 59. Bb2 Bxb2 60. Kxb2 Rd4 61. Bb3 Kh7 62. Rg5 Nf3 63.
Rf5 Ng1 64. c3 Rd2+ 65. Bc2 Kh6 66. Rf4 Kh5 67. Kc1 Ne2+ 68. Kxd2 Nxf4 69.
Bf5 Kg5 70. Bc8 Nd5 71. Kd3 Nxc3 72. Kxc3 Kf6 73. Kd4 Kg7 74. Ke5 Kf7 75.
Kf5 Kg7 76. Be6 Kh8 77. Kf6 Kh7 78. Kf7 Kh8 79. Kf8 Kh7 80. Bg8+ Kh8 81.
Kf7 1/2-1/2

[Event "58th ch-RUS Semi-Final"]
[Site "Kazan RUS"]
[Date "2005.09.08"]
[Round "6"]
[White "Chebotarev,O"]
[Black "Galkin,A"]
[Result "1/2-1/2"]
[WhiteElo "2517"]
[BlackElo "2598"]
[EventDate "2005.09.03"]

1. e4 c6 2. d4 d5 3. Nc3 dxe4 4. Nxe4 Nd7 5. Nf3 Ngf6 6. Ng3 b6 7. c4 e6 8.
Bd3 Bb7 9. O-O Be7 10. Qe2 O-O 11. b3 c5 12. Bb2 Re8 13. dxc5 Bxc5 14. Rad1
Qc7 15. Ne4 Be7 16. Rfe1 Rad8 17. a3 h6 18. b4 1/2-1/2

[Event "58th ch-RUS Semi-Final"]
[Site "Kazan RUS"]
[Date "2005.09.08"]
[Round "6"]
[White "Dvoirys,S"]
[Black "Shaposhnikov,E"]
[Result "0-1"]
[WhiteElo "2589"]
[BlackElo "2533"]
[EventDate "2005.09.03"]

1. e4 c5 2. Nf3 e6 3. d4 cxd4 4. Nxd4 Nc6 5. Nc3 Qc7 6. f4 Nxd4 7. Qxd4 a6
8. Be3 b5 9. Be2 Bb7 10. Bf3 Rc8 11. O-O Ne7 12. Rae1 Nc6 13. Qd3 Be7 14.
Rd1 d6 15. a4 b4 16. Ne2 O-O 17. c3 bxc3 18. Nxc3 Na5 19. f5 Nc4 20. fxe6
fxe6 21. Bc1 Qc5+ 22. Kh1 Ne5 23. Qe2 Nxf3 24. gxf3 Qh5 25. Be3 Rxc3 26.
bxc3 Bxe4 27. Bg5 d5 0-1

[Event "58th ch-RUS Semi-Final"]
[Site "Kazan RUS"]
[Date "2005.09.08"]
[Round "6"]
[White "Bryzgalin,K"]
[Black "Sorokin,M"]
[Result "1/2-1/2"]
[WhiteElo "2480"]
[BlackElo "2567"]
[EventDate "2005.09.03"]

1. e4 Nf6 2. e5 Nd5 3. d4 d6 4. Nf3 Bg4 5. Be2 e6 6. c4 Nb6 7. exd6 cxd6 8.
O-O Be7 9. Nbd2 Nc6 10. b3 O-O 11. Bb2 a5 12. a3 d5 13. c5 Nd7 14. Bc3 b6
15. b4 bxc5 16. dxc5 e5 17. b5 d4 18. bxc6 Nxc5 19. Bxa5 Rxa5 20. Nxd4 Bxe2
21. Nxe2 Ra6 22. Nc4 e4 23. Qxd8 Rxd8 24. c7 Rc8 25. Rab1 Rxc7 26. Nf4
1/2-1/2

[Event "58th ch-RUS Semi-Final"]
[Site "Kazan RUS"]
[Date "2005.09.08"]
[Round "6"]
[White "Balashov,Y"]
[Black "Filippov,Va"]
[Result "1/2-1/2"]
[WhiteElo "2469"]
[BlackElo "2621"]
[EventDate "2005.09.03"]

1. e4 c5 2. Nc3 Nc6 3. g3 g6 4. Bg2 Bg7 5. Nge2 e5 6. Nd5 Nge7 7. Nec3 d6
8. d3 O-O 9. h4 Nxd5 10. Nxd5 Ne7 11. Nxe7+ Qxe7 12. h5 Be6 13. Be3 b5 14.
Qd2 a5 15. a4 b4 16. Bg5 f6 17. Be3 Rad8 18. hxg6 hxg6 19. Bh6 d5 20. Bxg7
Qxg7 21. exd5 Bxd5 22. Bxd5+ Rxd5 23. Qe3 c4 24. dxc4 Rd4 25. Rd1 Rxc4 26.
Rd6 Qb7 27. Qh6 Qg7 28. Qd2 Qb7 29. Qh6 Qg7 30. Qe3 Qb7 31. f3 Rd4 32. Rxd4
1/2-1/2

[Event "58th ch-RUS Semi-Final"]
[Site "Kazan RUS"]
[Date "2005.09.08"]
[Round "6"]
[White "Popov,Val"]
[Black "Kosteniuk,A"]
[Result "1-0"]
[WhiteElo "2570"]
[BlackElo "2516"]
[EventDate "2005.09.03"]

1. c4 e6 2. Nf3 d5 3. g3 Nf6 4. Bg2 dxc4 5. Qa4+ c6 6. Qxc4 b5 7. Qc2 Bb7
8. a4 Qb6 9. O-O a6 10. d3 c5 11. axb5 axb5 12. Rxa8 Bxa8 13. Nc3 Be7 14.
Qb3 b4 15. Na4 Qb5 16. Qc2 O-O 17. b3 Nbd7 18. Bb2 Bd5 19. Nd2 Ra8 20. Ra1
Qb7 21. Bxd5 exd5 22. e4 Ng4 23. Rc1 h5 24. Re1 d4 25. Bc1 Qa6 26. Nc4 Nge5
27. Nxe5 Nxe5 28. Rd1 c4 29. dxc4 d3 30. Qb1 Qg6 31. Bf4 Nf3+ 32. Kf1 Qxe4
33. Qxd3 Nxh2+ 34. Kg1 Nf3+ 35. Kf1 Nh2+ 36. Kg1 Nf3+ 37. Kh1 Qc6 38. Qd5
Qxd5 39. cxd5 g5 40. Bc7 Bf6 41. d6 Ra7 42. Bb6 Rxa4 43. bxa4 b3 44. a5 b2
45. a6 1-0

[Event "58th ch-RUS Semi-Final"]
[Site "Kazan RUS"]
[Date "2005.09.08"]
[Round "6"]
[White "Lugovoi,A"]
[Black "Kabanov,N"]
[Result "1-0"]
[WhiteElo "2556"]
[BlackElo "2508"]
[EventDate "2005.09.03"]

1. Nf3 g6 2. e4 d5 3. exd5 Qxd5 4. d4 Bg7 5. Be2 c6 6. c4 Qd6 7. h3 Nh6 8.
Nc3 Nf5 9. d5 O-O 10. O-O cxd5 11. cxd5 a6 12. Qb3 Nd7 13. Rd1 b5 14. Bf1
Nc5 15. Qc2 Bd7 16. Ne4 Nxe4 17. Qxe4 Qf6 18. Bg5 Qxb2 19. g4 h6 20. Bf4
Qa3 21. gxf5 Bxf5 22. Qe2 Bxa1 23. Rxa1 g5 24. Be5 Rac8 25. Bb2 Qd6 26. Nd4
Bg6 27. Bg2 Rc4 28. Qe3 Re8 29. Nc6 f6 30. Re1 Kf8 31. Ba3 b4 32. Bb2 Bf7
33. Qe2 Rf4 34. Rd1 a5 35. Qb5 Rc8 36. Bd4 Be8 37. Qb7 Rc7 38. Qb6 a4 39.
Rd2 b3 40. axb3 axb3 41. Qxb3 Rxc6 42. dxc6 Rxd4 43. c7 Bd7 44. Rxd4 Qxd4
45. Qb8+ Kf7 46. c8=Q Bxc8 47. Qxc8 Qd1+ 48. Kh2 Qd6+ 49. Kg1 Qd1+ 50. Bf1
h5 51. Qc4+ e6 52. Qe4 f5 53. Qe5 Qb3 54. Qh8 Kg6 55. Qe8+ Kh6 56. Qf7 g4
57. Qf6+ Kh7 58. Qf7+ Kh6 59. Qf6+ Kh7 60. Qg5 gxh3 61. Qxh5+ Kg7 62. Bxh3
Qb1+ 63. Bf1 Kf6 64. Qh8+ Ke7 65. Qe5 Qd1 66. Qf4 Kf6 67. Kg2 Qd5+ 68. Kg3
Qd1 69. Bg2 Qd3+ 70. Kh4 Qc2 71. Qd4+ Ke7 72. Kg5 Qc1+ 73. Kg6 Qc2 74. Qb4+
Kd7 75. Kf7 e5 76. Qb7+ Kd8 77. Qb6+ Kd7 78. Bd5 1-0